000 00662nam a22002297a 4500
942 _cBK
999 _c846
_d846
005 20250420134826.0
008 230427b ||||| |||| 00| 0 eng d
020 _a9781526847591
040 _cKCST
082 _a428.34
_bTa In
100 _aTanka, Judith
_95738
245 _aNew interactions 3:
_blistening and speaking /
_cJudith Tanka, Lida R. Baker
260 _bMcGraw-Hill;
_c2020.
300 _a 244 p.
650 _aEnglish (language)
_92090
650 _aProblems and exercises
_95741
650 _aEnglish language
_95742
_vListening
650 _aEnglish language
_vSpeaking
_95783
700 _aBaker, Lida R.
_95784
942 _2ddc